<?xml version="1.0" encoding="UTF-8"?>
<record
    xmlns:xsi="http://www.w3.org/2001/XMLSchema-instance"
    xsi:schemaLocation="http://www.loc.gov/MARC21/slim http://www.loc.gov/standards/marcxml/schema/MARC21slim.xsd"
    xmlns="http://www.loc.gov/MARC21/slim">

  <leader>00749nam a2200217 a 4500</leader>
  <controlfield tag="001">BRCA_2169</controlfield>
  <controlfield tag="005">20190320203710.0</controlfield>
  <controlfield tag="008">841016s1983    mx-a---##b---f001-0bspa-#</controlfield>
  <datafield tag="020" ind1=" " ind2=" ">
    <subfield code="a">9685803811</subfield>
  </datafield>
  <datafield tag="040" ind1=" " ind2=" ">
    <subfield code="a">DLC</subfield>
    <subfield code="c">DLC</subfield>
    <subfield code="d">DLC</subfield>
  </datafield>
  <datafield tag="050" ind1=" " ind2="4">
    <subfield code="a">ND259</subfield>
    <subfield code="b">.L46 1983</subfield>
  </datafield>
  <datafield tag="100" ind1="1" ind2=" ">
    <subfield code="a">Leonardini, Nanda</subfield>
    <subfield code="9">6547</subfield>
  </datafield>
  <datafield tag="245" ind1="1" ind2="0">
    <subfield code="a">El pintor Santiago Rebull</subfield>
    <subfield code="b">su vida y su obra, (1829-1902)</subfield>
    <subfield code="c">Nanda Leonardini.</subfield>
  </datafield>
  <datafield tag="260" ind1=" " ind2=" ">
    <subfield code="a">M&#xE9;xico</subfield>
    <subfield code="b">UNAM, Direcci&#xF3;n General de Extensi&#xF3;n Acad&#xE9;mica</subfield>
    <subfield code="c">1983</subfield>
  </datafield>
  <datafield tag="300" ind1=" " ind2=" ">
    <subfield code="a">253 p.</subfield>
    <subfield code="b">il. (algunas a color), [87] p. de l&#xE1;minas</subfield>
    <subfield code="c">24 cm.</subfield>
  </datafield>
  <datafield tag="500" ind1=" " ind2=" ">
    <subfield code="a">Incluye &#xED;ndice onom&#xE1;stico</subfield>
  </datafield>
  <datafield tag="504" ind1=" " ind2=" ">
    <subfield code="a">Bibliograf&#xED;a : p. 225-236</subfield>
  </datafield>
  <datafield tag="600" ind1="1" ind2="4">
    <subfield code="a">Rebull, Santiago</subfield>
    <subfield code="d">1829-1902</subfield>
    <subfield code="9">6548</subfield>
  </datafield>
  <datafield tag="650" ind1="1" ind2="4">
    <subfield code="a">Pintores</subfield>
    <subfield code="v">Biograf&#xED;as</subfield>
    <subfield code="z">M&#xE9;xico</subfield>
    <subfield code="9">2354</subfield>
  </datafield>
  <datafield tag="942" ind1=" " ind2=" ">
    <subfield code="2">lcc</subfield>
    <subfield code="c">B</subfield>
  </datafield>
  <datafield tag="999" ind1=" " ind2=" ">
    <subfield code="c">1925</subfield>
    <subfield code="d">1925</subfield>
  </datafield>
  <datafield tag="952" ind1=" " ind2=" ">
    <subfield code="0">0</subfield>
    <subfield code="1">0</subfield>
    <subfield code="4">0</subfield>
    <subfield code="7">0</subfield>
    <subfield code="a">BRCA</subfield>
    <subfield code="b">BRCA</subfield>
    <subfield code="d">2008-08-14</subfield>
    <subfield code="l">0</subfield>
    <subfield code="o">ND259 .L46 1983</subfield>
    <subfield code="p">01223</subfield>
    <subfield code="r">2019-03-22 00:00:00</subfield>
    <subfield code="w">2019-03-22</subfield>
    <subfield code="y">B</subfield>
  </datafield>
</record>
